000 00583nam a22001817a 4500
005 20240823142129.0
010 _aENG-141441
020 _a9788178246864
_c795.00
035 _aEN-124973
037 _bDBAD
082 _a790.092
100 _aTilche, Alice
_970517
245 _aAdivasi Art Activism:
_bCuration in a National Age/
_cBy Alice Tilche
260 _aRanikhet
_bPermanent Black
_c2023
270 _a'Himalayana', Mall Road, Ranikhet Cantt
_e263645
_bRanikhet
_mperblack@gmail.com
300 _aviii,244p.
_c23cm (pb)
942 _2ddc
_cEN
_h790.092
_mTIL
999 _c205253
_d205253